Mot mystérieux - Série 26 - Statistiques

Statistiques générales
  • Ce quiz a été pris 72 fois
  • Le résultat moyen est 6 sur 10
Statistiques - réponses
Indices Mot % Correct
Sapeur - Service - Marin - Fumer Pompier
93%
Main - Carotte - Rebrousse - Gratter Poil
83%
Blanche - Caca - Patte - Jeu Oie
76%
Cervicale - Souffre - Accouchement - Lombaire Douleur
72%
Bec - Moutarde - Hilarant - Chambre Gaz
72%
Bain - Cheval - Centrale - Voile Vapeur
56%
Cheveu - Cracher - Lait - Grimace Soupe
54%
Lait - Théâtre - Garçon - Pousse Café
48%
Gâteau - Poignée - Tomate - Rouge Cerise
43%
Passage - Pollution - Vie - Top Niveau
20%
Aucun quiz correspondant
Distribution des résultats
% des personnes avec chaque résultat
Percentile par nombre de réponses
Votre historique - résultats
Vous n’avez pas pris ce quiz